| 000 | 00560cam a22001935i 4500 | ||
|---|---|---|---|
| 999 |
_c57171 _d57171 |
||
| 001 | 21255545 | ||
| 005 | 20221107131352.0 | ||
| 008 | 190909t20192019fr 000 0 fre | ||
| 020 | _a9782072844942x | ||
| 041 | _afr | ||
| 080 | _a821.133.1 R-74 | ||
| 100 | 1 |
_aRolin, Olivier, _e _95835 |
|
| 245 | 1 | 0 |
_aExtérieur monde / _cOlivier Rolin. |
| 264 | 4 |
_c2019. _a[Paris] : _bGallimard, |
|
| 300 |
_a301 pages ; _c21 cm. |
||
| 653 | _aგარე სამყარო | ||
| 653 | _aფრანგული ლიტერატურა | ||
| 942 |
_2udc _cBK |
||